| 000 | 00858nmc a2200289 a 4500 | ||
|---|---|---|---|
| 003 | AR-BaBNM | ||
| 005 | 20251128205957.0 | ||
| 008 | 248019s1994 ||||||||||||||000 | spa|| | ||
| 020 | _a950-9023-76-0 | ||
| 040 | _cAR-BaBNM | ||
| 100 | 1 | _aVedia y Mitre, Mariano de | |
| 245 | 1 | 0 | _aHistoria de la unidad nacional |
| 260 |
_aBuenos Aires _bRuy Díaz _bSecretaría de Cultura de la Nación _c1994 |
||
| 300 | 0 | _a324 p. | |
| 490 | 0 |
_aIdentidad nacional _vv. 98 |
|
| 650 | 4 | _aORGANIZACION NACIONAL | |
| 650 | 4 | _aFEDERALISMO ARGENTINO | |
| 650 | 4 | _aHISTORIA POLITICA ARGENTINA | |
| 650 | 4 | _aNACIONALISMO | |
| 650 | 4 | _aDOCTRINAS POLITICAS | |
| 650 | 4 | _aHISTORIA INSTITUCIONAL | |
| 651 | 4 | _aArgentina | |
| 700 | 1 |
_aGelly y Obes, Carlos María _eprologuista |
|
| 800 | 1 |
_aSchroder Olivera, Jorge Luis _ecoordinador |
|
| 942 | _cBK | ||
| 998 | _cMARTIN | ||
| 999 |
_c13570 _d13570 |
||